000
00278nam a2200121Ia 4500
008
190216s9999||||xx |||||||||||||| ||und||
100
_a
Ishwar C Dhingra
245
0
_a
Indian Economy
260
_b
Sulthan Chand&Sons
_c
1996
300
_a
743p
650
_a
Economics
942
_c
BK
999
_c
9923
_d
9923